000
00292nam a2200121Ia 4500
008
230907s9999||||xx |||||||||||||| ||und||
082
_a
621.3191,BUS
100
_a
Bush, Stephen F.
_9
18566
245
0
_a
Smart grid:
260
_a
Wiley
_b
New York
_c
2014
300
_a
xxi, 538p.:
942
_c
BK
999
_c
598024
_d
598024